000 01621ntaaa2200397 4500
003 01
005 20251027203339.0
008 0714s1973 ag 01
020 _a8479145633
040 _aAR-BaBN
_bspa
_cAR-BaBN
_eaacr
_dRIC
082 _a232 G58
100 _aGonzález de Cardedal, Olegario
_971
245 _aCristología /
_cOlegario González de Cardedal
260 _aMadrid :
_bBiblioteca de Autores Cristianos,
_c2001
300 _axxxiii, 601 p. ;
_c22 cm.
490 _aSapientia fidei ;
_v24
500 _aDonación de Tomás J. M. Mackey, 2021
500 _aBibliografía al comienzo del volumen
500 _aIncluye índice
505 _tPrimera parte: La historia y destino de Cristo. Cristología bíblica
505 _tIntroducción. La norma del origen. Hechos, textos, testimonio vivo
505 _tCap. I. Acción
505 _tCap. II. Pasión
505 _tCap. III. Glorificación
505 _tSegunda parte: La presencia e interpretación de Cristo en la Iglesia. Cristología histórica
505 _tCap. IV. La era patrística. Los concilios cristológicos
505 _tCap. V. La era medieval: La Escolástica y el siglo de la Reforma
505 _tCap. VI. La cristología en la era moderna y contemporánea
505 _tTercera parte: La persona y la misión de Cristo. Cristología sistemática
505 _tCap. VII. El origen: el Hijo de Dios
505 _tCap. VIII. La constitución: el hombre Jesús
505 _tCap. IX. La misión. El mediador de la salvación
650 _aCRISTOLOGIA
_91723
650 _aTEOLOGIA SISTEMATICA
942 _cBK
999 _c28999
_d28999